[Event "Arco op"]
[Site "Arco"]
[Date "2011.12.29"]
[Round "6"]
[White "Sheikh, Mohammed Zann"]
[Black "Engl, Alexander"]
[Result "0-1"]
[WhiteElo "1510"]
[BlackElo "1497"]
[PlyCount "42"]
[EventDate "2011.12.26"]
[EventType "swiss"]
[EventRounds "7"]
[EventCountry "ITA"]
[SourceTitle "EXT 2023"]
[Source "ChessBase"]
[SourceDate "2022.10.05"]
[SourceVersion "1"]
[SourceVersionDate "2022.10.05"]
[SourceQuality "1"]

1. e4 d5 2. exd5 Nf6 3. Nf3 Nxd5 4. Bc4 Bf5 5. d3 e6 6. Bxd5 exd5 7. b3 Be7 8. Bb2 0-0 9. 0-0 Bf6 10. Bxf6 Qxf6 11. Nbd2 c6 12. Re1 Nd7 13. Re2 Rfe8 14. a4 Rxe2 15. Rb1 Rae8 16. b4 Bg4 17. Qf1 Bxf3 18. Nxf3 Rxc2 19. d4 Ree2 20. b5 g5 21. h3 h5 0-1